Most Identified Birds in the United Kingdom - Statistics

General Stats
  • This quiz has been taken 47 times
  • The average score is 8 of 15
Answer Stats
Observations Bird % Correct
11k House Sparrow
86%
12k Eurasian Blue Tit
81%
24k European Robin
74%
16k Mute Swan
71%
24k Mallard
69%
19k Eurasian Blackbird
67%
13k Carrion Crow
57%
13k Eurasian Magpie
57%
18k Common Wood-Pigeon
48%
12k European Herring Gull
40%
12k Canada Goose
38%
16k Grey Heron
36%
14k Black-headed Gull
26%
11k Eurasian Coot
26%
13k Eurasian Moorhen
26%
No matching quizzes found
Score Distribution
Percent of People with Each Score
Percentile by Number Answered
Your Score History
You have not taken this quiz